Genel sekreter Deniz Baykal'ın yerel yönetimler kurultayında yaptığı konuşma (Record no. 3471)

MARC details
000 -BAŞLIK
Sabit Uzunlukta Kontrol Alanı 01054na a2200313 4500
001 - KONTROL NUMARASI
Denetim Alanı 22074
003 - KONTROL NUMARASI IDENTIFIER
Denetim Alanı MIRAKIL
005 - SON İŞLEM TARİHİ VE ZAMANI
Denetim Alanı 20181213154933.0
008 - SABİT-BOY VERİ ELEMANLARI - GENEL BİLGİLER
Sabit Uzunlukta Kontrol Alanı 170210b tu 000 0
040 ## - KATALOGLAMA KAYNAK
Orijinal Kataloglama Ajansı Milas
Kataloglama Dili tur
Metne Dönüştürmek Ajansı TR-AnCHP
041 ## - DİL KODU
Metin / Ses Parça Veya Ayrı Başlığın Dil Kodu tur
090 ## - SINIFLAMA NUMARASI
Sınıflama Numarası SHP 4
100 ## - ANA GİRİŞ - KİŞİSEL İSİM
Kişisel Ad Baykal, Deniz
Bir Adıyla İlişkilendirilen Başlıklar Ve Kelimeler Genel Sekreter
222 ## - ANAHTAR ADI
Anahtar Başlık Deniz Baykal'ın konuşmaları
245 ## - BAŞLIK TABLOSU
Başlık Genel sekreter Deniz Baykal'ın yerel yönetimler kurultayında yaptığı konuşma
Sorumluluk Tablosu, Vb [Deniz Baykal]
260 ## - YAYIN, DAĞITIM, VB
Yayın, Dağıtım, Vb Yeri [Ankara]
Yayıncı, Dağıtıcı, Vs Adı [SHP]
Yayın, Dağıtım, Vb Tarihi [1989]
300 ## - FİZİKSEL TANIM
Kapsam 30 s.
Boyutlar 20 sm.
440 ## - SERİSİ TABLOSU / KATMA GİRİŞİ - BAŞLIK
Başlık SHP yayınları
Bir İşin Parçası / Bölümün İsmi Söylev ve demeçler
600 ## - KONU KATMA GİRİŞ - KURUMSAL ADI
Kişisel Ad Baykal, Deniz
Başlıklar Ve Bir Adla İlişkili Diğer Kelimeler SHP Genel Sekreteri
Genel Alt Bölümü Konuşmalar, 1989
600 ## - KONU KATMA GİRİŞ - KURUMSAL ADI
Kişisel Ad Baykal, Deniz
Genel Alt Bölümü Söylev ve demeçler
610 ## - KONU KATMA GİRİŞ - TOPLANTI ADI
Giriş Elemanı Olarak Kurumsal Ad Veya Yargı Alanı Adı SHP
Genel Alt Bölüm Söylev ve demeçler
650 ## - KONU KATMA GİRİŞ - TOPİKAL DÖNEM
Topikal Süreli Veya Coğrafi Ad Giriş Elemanı SHP Genel başkanları
Genel Alt Bölümü Baykal, Deniz
Kronolojik Alt Bölümü Konuşmalar, 1989
-- Yerel yönetimler
710 ## - KATMA GİRİŞ - KURUMSAL ADI
Giriş Elemanı Olarak Kurumsal Ad Veya Yargı Alanı Adı SHP
740 ## - KATMA GİRİŞ - KONTROLSUZ İLGİLİ / ANALİTİK BAŞLIK
Kontrol Edilmeyen / İlgili Analitik Başlıktaki SHP Genel Sekreteri Deniz Baykal'ın Konuşmaları
830 ## - SERİSİ EKLENDİ GİRİŞ - ÜNİFORM ADI
Üniforma Başlık SHP yayınları
942 ## - EKLENDİ GİRİŞ ELEMANLARI (KOHA)
Sınıflandırma Veya Raf Düzeni Kaynak
Koha Öğesi Türü Books
999 ## - SİSTEM KONTROL NUMARALARI (KOHA)
Koha Biblionumber 3471
Koha Biblioitemnumber 3471
657 ## - INDEX SÜRE - İŞLEVİ
-- Deniz Baykal'ın konuşmaları
Holdings
Kullanım Kısıtlamaları Kalıcı Konum Mevcut Konum Edinme Tarihi Edinim Kaynak Kodlu Konum Eleme Toplam Check-Out'Lar Tam Çağrı Numarası Barkod Tarih Son Görülme İtibaren Geçerli Fiyatlar Koha Öğesi Türü
Kütüphane dışına çıkarılamaz CHP Kütüphanesi CHP Kütüphanesi 02/10/2017 Bağış SHP   SHP 4 014108 02/10/2017 02/10/2017 Books